000 00355 a2200169 4500
001 189815
020 _a978-85-7442-111-7
040 _cMagnum
100 _aSant´anna, Eliana
240 1 0 _aPingo d´água
_lpor
245 1 0 _aPingo d´água
300 _a21
362 0 _a2010
440 1 _aMiguilim
697 _aLITERATURA INFANTIL
942 _cBK
999 _c189815
_d189815